000 00374 a2200169 4500
001 70412
020 _a8516019969
040 _cAnchieta - Itaigara
100 _aStrausz, Rosa Amanda
240 1 0 _aOs meninos-caracol
_lpor
245 1 0 _aOs meninos-caracol
300 _a27
362 0 _a1998
440 1 _aModerna
650 4 _aLiteratura infanto-juvenil
942 _cBK
999 _c70412
_d70412